Poesías / (Record no. 81437)

MARC details
000 -LEADER
campo de control de longitud fija 00663nam a22002295i 4500
001 - NÚMERO DE CONTROL
campo de control 81437
003 - IDENTIFICADOR DE NÚMERO DE CONTROL
campo de control ES-MaACL
005 - FECHA Y HORA DE LA ÚLTIMA TRANSACCIÓN
campo de control 20250716062622.0
007 - CAMPO FIJO DE DESCRIPCIÓN FÍSICA--INFORMACIÓN GENERAL
campo de control de longitud fija t|
008 - DATOS DE LONGITUD FIJA--INFORMACIÓN GENERAL
campo de control de longitud fija 041104s1955 sp ||||0| spa d
040 ## - FUENTE DE CATALOGACIÓN
Centro catalogador/agencia de origen M-BN
Lengua de catalogación spa
Centro/agencia transcriptor M-BN
100 1# - ENTRADA PRINCIPAL--NOMBRE DE PERSONA
Nombre de persona Hugo, Victor,
Fechas asociadas al nombre 1802-1885
9 (RLIN) 64627
245 10 - MENCIÓN DEL TÍTULO
Título Poesías /
Mención de responsabilidad, etc. Victor Hugo ; selección, traducción y prólogo de Luis Guarner.
260 ## - PUBLICACIÓN, DISTRIBUCIÓN, ETC.
Lugar de publicación, distribución, etc. Barcelona :
Nombre del editor, distribuidor, etc. Fama,
Fecha de publicación, distribución, etc. [1955]
300 ## - DESCRIPCIÓN FÍSICA
Extensión 134 p. ;
Dimensiones 16 cm.
490 1# - MENCIÓN DE SERIE
Mención de serie Serie poética Fama
700 1# - ENTRADA AGREGADA--NOMBRE PERSONAL
Nombre de persona Guarner, Luis.
9 (RLIN) 60341
830 0# - PUNTO DE ACCESO ADICIONAL DE SERIE-TÍTULO UNIFORME
Título uniforme Serie poética Fama
9 (RLIN) 180944
852 ## - LOCALIZACIÓN
Ubicación ES-MaACL
Número de control de estantería C-10800
Sublocalización o colección R.38058
Holdings
Estatus retirado Estado de pérdida Estado de daño No para préstamo Biblioteca de origen Biblioteca actual Ubicación en estantería Fecha de adquisición Fuente de adquisición Total de préstamos Signatura topográfica completa Código de barras Visto por última vez Precio de reemplazo Tipo de ítem Koha
        Biblioteca del Ateneo de Madrid Biblioteca del Ateneo de Madrid Sala Palomar 17/01/2008     C-10800 1085129 23/02/2023 23/02/2023 Libro impreso